Sabrina Carpenter Short 'n' Sweet tour locations - Statistics

General Stats
  • This quiz has been taken 40 times
  • The average score is 25 of 45
Answers on the Map
Answers color-coded by a green-red scale on the quiz's map according to % correct below.
 
Answer Stats
Answer % Correct
London
100%
Paris
100%
New York City
96%
Amsterdam
85%
Dublin
85%
Los Angeles
85%
Milan
85%
Toronto
81%
Berlin
78%
Stockholm
70%
Vancouver
70%
Austin
63%
Copenhagen
63%
Oslo
63%
Philadelphia
63%
San Francisco
63%
Dallas
59%
Houston
59%
Orlando
59%
Atlanta
56%
Boston
56%
Chicago
56%
Manchester
52%
Nashville
52%
Portland
52%
Salt Lake City
52%
Seattle
52%
Zürich
52%
Denver
48%
Detroit
48%
Montreal
48%
Pittsburgh
48%
Minneapolis
44%
Tampa
44%
Raleigh
41%
Columbus
37%
San Diego
37%
St. Louis
37%
Birmingham
33%
Glasgow
33%
Baltimore
30%
Hartford
19%
Brussles
11%
Charlottesville
4%
Pheonix
0%
No matching quizzes found
Score Distribution
Percent of People with Each Score
Percentile by Number Answered
Your Score History
You have not taken this quiz